Podchwytliwe pytania - Statystyki

Ogólne statystyki
  • Ten quiz został rozwiązany 8 826 razy
  • Średni wynik to 12 z 18
Statystyki odpowiedzi
Pytanie Odpowiedź % Poprawnych
Na której planecie odnotowano najniższą temperaturę zmierzoną termometrem? Ziemia
97%
Ile jest słów w "Ogniem i mieczem"? Trzy
91%
Czego nigdy nie zjesz przed obiadem? Kolacji
89%
Ile miesięcy ma 28 dni? Każdy
83%
Czy potrafisz odgadnąć stolicę Japonii? Tak / Nie
83%
Ojciec Toma miał pięciu synów. Ich imiona to: Dziesięć, Dwadzieścia, Trzydzieści, Czterdzieści i...? Tom
81%
Jaki procent ludzi walczących w powstaniu styczniowym zmarło? 100%
77%
Zanim odktyto Mount Everest, jaki był najwyższy szczyt świata? Mount Everest
76%
Kogut zniósł jajko na dachu kurnika. W którą stronę poleci jajko? Kogut nie znosi jaj
75%
W którym państwie jest największa populacja ssaków naczelnych? Indie
71%
Ile zwierząt Mojżesz zabrał na arkę? Żadnych
65%
Dlaczego mężczyzna nie może ożenić się z siostrą swojej wdowy? Bo nie żyje
59%
Jakie słowo brzmi niepoprawnie w każdym słowniku? Niepoprawnie
58%
Greg jest ojcem Chris, ale Chris nie jest synem Grega. Jak to możliwe? Chris jest dziewczynką
52%
Jakie słowo staje się krótkie, gdy dodasz do niego jedną literę? Krótki
48%
Jak nazywa się kobieta, która zawsze wie, gdzie jest jej mąż? Wdowa
48%
Co ma tarczę i dwie ręce, ale nie ma miecza, ani nóg? Zegar
38%
To potężniejsze od Boga i okrutniejsze od diabła. Bogaci tego potrzebują, biedni to mają. A jeśli to zjesz, umrzesz natychmiast. Co to jest? Nic
15%
Nie znaleziono quizów pasujących do podanych kryteriów
Rozkład punktacji
Procent ludzi z każdym wynikiem
Percentyl według liczby udzielonych odpowiedzi
Twoja historia wyników
Nie rozwiązałeś tego quizu